Role of domestic technological development in innovations

Analýza príčin neadekvátneho využitia kvalifikovanej pracovnej sily pre potreby rozvoja inovácií. Podmienky potrebné na prekonanie tejto situácie a podporu rozvoja smerom k znalostnej ekonomike. Súčasný stav na Slovensku a porovnanie s krajinami európskej pätnásťky. Národný prieskum ako kľúčový fakt...

ver descrição completa

Na minha lista:
Detalhes bibliográficos
Autor principal: Klas, Antonín
Formato: Capítulo de Livro
Idioma:inglês
Assuntos:
Tags: Adicionar Tag
Sem tags, seja o primeiro a adicionar uma tag!

MARC

LEADER 00000naa a2200000 4500
001 0149137
005 20230918093759.7
041 0 |a eng 
044 |a SK 
245 1 0 |a Role of domestic technological development in innovations  |c Antonín Klas 
520 |a Analýza príčin neadekvátneho využitia kvalifikovanej pracovnej sily pre potreby rozvoja inovácií. Podmienky potrebné na prekonanie tejto situácie a podporu rozvoja smerom k znalostnej ekonomike. Súčasný stav na Slovensku a porovnanie s krajinami európskej pätnásťky. Národný prieskum ako kľúčový faktor domáceho technologického rozvoja. 
610 2 0 |a stratégia inovačná 
610 2 0 |a inovácia 
610 2 0 |a pokrok technologický 
610 2 0 |a Slovensko 
610 2 0 |a výkonnosť ekonomiky 
610 2 0 |a Európska únia 
610 2 0 |a investície priame zahraničné 
610 2 0 |a sily pracovné 
610 2 0 |a kvalifikácia 
100 1 |a Klas, Antonín